Ontology made easy /

This volume aims to develop the easy approach to ontology, showing how it leads to both a first-order simple realism about the disputed entities and a form of metaontological deflationism that takes ontological disputes themselves to be misguided, since existence questions may be answered by straigh...

Full description

Saved in:
Bibliographic Details
Main Author: Thomasson, Amie L. 1968- (Author)
Format: Book
Language:English
Published: New York, NY : Oxford University Press, [2015]
Subjects:
Tags: Add Tag
No Tags, Be the first to tag this record!
LEADER 02213cam a2200373 i 4500
001 014252000-4
005 20160630021645.0
008 140801s2015 nyu b 001 0 eng
010 |a  2014008982 
015 |a GBB4D2885  |2 bnb 
016 7 |a 016954058  |2 Uk 
020 |a 9780199385119  |q hardcover 
020 |a 0199385114  |q hardcover 
035 |a (PromptCat)99961190920 
035 0 |a ocn883651687 
040 |a DLC  |b eng  |e rda  |c DLC  |d YDX  |d BTCTA  |d BDX  |d YDXCP  |d OCLCO  |d OCLCQ  |d UKMGB 
042 |a pcc 
050 0 0 |a BD311  |b .T45 2015 
082 0 0 |a 111  |2 23 
100 1 |a Thomasson, Amie L.  |q (Amie Lynn),  |d 1968-  |e author. 
245 1 0 |a Ontology made easy /  |c Amie L. Thomasson. 
264 1 |a New York, NY :  |b Oxford University Press,  |c [2015] 
300 |a xiii, 345 pages ;  |c 22 cm 
336 |a text  |b txt  |2 rdacontent 
337 |a unmediated  |b n  |2 rdamedia 
338 |a volume  |b nc  |2 rdacarrier 
504 |a Includes bibliographical references and index. 
505 0 |a Introduction: The forgotten easy approach -- Whatever happened to Carnapian deflationism? -- The unbearable lightness of existence -- Easy ontology and its consequences -- Other ways of being suspicious -- Fictionalism versus deflationism -- Do easy arguments give us problematic ontological commitments? -- Do doubts about conceptual truths undermine easy arguments? -- Are easy arguments threatened by the bad company objection? -- Do easy arguments fail to answer ontological questions? -- Can hard ontological questions be revived in ontologese? -- Conclusion: The importance of not being earnest. 
520 8 |a This volume aims to develop the easy approach to ontology, showing how it leads to both a first-order simple realism about the disputed entities and a form of metaontological deflationism that takes ontological disputes themselves to be misguided, since existence questions may be answered by straightforward conceptual and/or empirical work. It also aims to defend the easy approach against a range of objections and to show it to be a viable and attractive alternative to hard ontology. 
650 0 |a Ontology. 
730 0 |a University press scholarship online.  |5 net 
899 |a 415_565676 
988 |a 20141214 
906 |0 DLC